000 00612nam a2200217 i 4500
001 99162
003 ES-MaACL
005 20240601063024.0
007 t|
008 050902s1973 sp ||||1| spa d
100 1 _aMartín Cano, César.
_977428
245 1 0 _aSensaciones /
_cCesar Martín Cano.
260 _aPalencia :
_bRocamador,
_c1973.
300 _a145 p. ;
_c22 cm.
490 1 _aColección Rocamador ;
_v74
830 0 0 _aRocamador (Serie) ;
_v74
_9236737
852 _aES-MaACL
_jC-52478
_bR.85595
852 _aES-MaACL
_jE-6519
_bR.90862
942 _2udc
999 _c99162
_d99162